[Event "Elit(Schack08-Rockaden)"]
[Site "?"]
[Date "2003.??.??"]
[Round "2"]
[White "Faldt, Magnus"]
[Black "Hermansson, Emil"]
[Result "0-1"]
[WhiteElo "2225"]
[BlackElo "2526"]
[PlyCount "82"]
[EventDate "2003.??.??"]

1. d4 Nf6 2. c4 g6 3. Nc3 d5 4. Bf4 Bg7 5. e3 c5 6. dxc5 Qa5 7. Qa4+ Qxa4 8.
Nxa4 Bd7 9. Nc3 Ne4 10. Nxd5 Na6 11. Rb1 Bf5 12. f3 Nc3 13. Ra1 Nxd5 14. cxd5
Bxb2 15. Bb5+ Kd8 16. Rd1 Nxc5 17. e4 Bd7 18. Bxd7 Kxd7 19. Ne2 Rhc8 20. Kf2 a5
21. g4 a4 22. h4 b5 23. h5 b4 24. hxg6 hxg6 25. Rh7 a3 26. e5 b3 27. Rxf7 bxa2
28. Bg5 Bxe5 29. Rxe7+ Kd6 30. Rxe5 Kxe5 31. Be7 a1=Q 32. f4+ Ke4 33. Rxa1 Nd3+
34. Kg3 Rc2 35. d6 Rxe2 36. d7 Re3+ 37. Kh4 Rh8+ 38. Kg5 Nxf4 39. Bf6 Rg8 40.
Rd1 Ne6+ 41. Kh4 g5+ 0-1

[Event "Elit(Schack08-Rockaden)"]
[Site "?"]
[Date "2003.??.??"]
[Round "2"]
[White "Bjork, Carl-Magnus"]
[Black "Thoren, Per"]
[Result "1/2-1/2"]
[WhiteElo "2475"]
[BlackElo "2282"]
[PlyCount "64"]
[EventDate "2003.??.??"]

1. d4 f5 2. Nf3 Nf6 3. g3 g6 4. Bg2 Bg7 5. O-O O-O 6. b3 d6 7. Bb2 c6 8. Nbd2
Qc7 9. Re1 Na6 10. a3 h6 11. e4 Nxe4 12. Nxe4 fxe4 13. Rxe4 Bf5 14. Re3 g5 15.
Qe2 Rf7 16. Re1 Raf8 17. c4 Bf6 18. h3 Qc8 19. g4 Bg6 20. Nd2 Bg7 21. Rf1 Qd7
22. Ne4 Nc7 23. Ng3 e6 24. Be4 Bxe4 25. Rxe4 d5 26. cxd5 Nxd5 27. Nh5 Re8 28.
Re1 Ref8 29. Rf1 Rf3 30. Rxe6 Rxb3 31. Rg6 Rf7 32. f3 Re3 1/2-1/2

[Event "Elit(Schack08-Rockaden)"]
[Site "?"]
[Date "2003.??.??"]
[Round "2"]
[White "Pepic, Rizo"]
[Black "Bator, Robert"]
[Result "0-1"]
[WhiteElo "2225"]
[BlackElo "2502"]
[PlyCount "89"]
[EventDate "2003.??.??"]

1. d4 d5 2. c4 c6 3. Nc3 dxc4 4. Nf3 b5 5. g3 a6 6. Bg2 e6 7. O-O Nf6 8. Ne5
Bb7 9. a4 Nd5 10. Ne4 Nd7 11. Nxf7 Kxf7 12. Ng5+ Ke7 13. e4 Nc7 14. d5 Nf6 15.
d6+ Qxd6 16. Qxd6+ Kxd6 17. Nf7+ Ke7 18. Nxh8 Ke8 19. Bf4 Rc8 20. Bxc7 Rxc7 21.
e5 Nd5 22. axb5 axb5 23. Be4 g6 24. Nxg6 hxg6 25. Bxg6+ Kd7 26. h4 c5 27. Kh2
Bg7 28. f4 b4 29. Rad1 Ke7 30. Rfe1 c3 31. Re2 cxb2 32. Rxb2 c4 33. Rc1 c3 34.
Rb3 Ba6 35. Be4 Rb7 36. h5 Bc4 37. Bxd5 Bxd5 38. Rbxc3 bxc3 39. Rxc3 Rb2+ 40.
Kh3 Kd7 41. Ra3 Bh6 42. Kg4 Rb3 43. Ra7+ Rb7 44. Ra8 Kc6 45. Rh8 0-1

[Event "Elit(Skara-Solna)"]
[Site "?"]
[Date "2003.??.??"]
[Round "2"]
[White "Callergard, Robert"]
[Black "Hillarp-Persson, Tiger"]
[Result "1/2-1/2"]
[WhiteElo "2356"]
[BlackElo "2585"]
[PlyCount "85"]
[EventDate "2003.??.??"]

1. Nf3 g6 2. d4 Bg7 3. g3 d6 4. Bg2 Nf6 5. O-O O-O 6. Nc3 Nbd7 7. e4 e5 8. Re1
b6 9. h3 Bb7 10. Rb1 a5 11. d5 Nc5 12. b3 b5 13. Nxb5 Ncxe4 14. Ng5 Nc5 15. Be3
Ncd7 16. c4 h6 17. Nf3 Ne8 18. Qd2 Kh7 19. Nh2 f5 20. f4 e4 21. Bf1 Nc5 22. Be2
c6 23. dxc6 Bxc6 24. Rbd1 Bxb5 25. Bxc5 Bc6 26. Bd4 Bxd4+ 27. Qxd4 Qb8 28. Rd2
Rf7 29. Nf1 a4 30. Rb1 Rb7 31. Rdb2 axb3 32. axb3 Ng7 33. Ne3 Ne6 34. Qf6 Qa7
35. Kf2 Re8 36. b4 Rf7 37. Qc3 Qe7 38. h4 Ref8 39. Rh1 Kg8 40. Bd1 Rg7 41. Bb3
Kh7 42. Rd2 Bb7 43. Ba2 1/2-1/2

[Event "Elit(Skara-Solna)"]
[Site "?"]
[Date "2003.??.??"]
[Round "2"]
[White "Gausel, Einar"]
[Black "Jonsson, Mikael"]
[Result "1-0"]
[WhiteElo "2575"]
[BlackElo "2356"]
[PlyCount "89"]
[EventDate "2003.??.??"]

1. d4 Nf6 2. Nf3 e6 3. e3 c5 4. Bd3 b6 5. O-O Bb7 6. c4 Be7 7. Nc3 cxd4 8. exd4
d6 9. d5 e5 10. Ne1 O-O 11. f4 Nbd7 12. Nf3 Re8 13. fxe5 dxe5 14. Ng5 Nc5 15.
Nxh7 e4 16. Nxf6+ Bxf6 17. Be2 Be5 18. Bf4 f5 19. Bxe5 Rxe5 20. Qd4 Nd7 21.
Rae1 Qe7 22. Nb5 a5 23. Nc7 Rc8 24. Ne6 Qd6 25. Qe3 Nc5 26. Nd4 Rf8 27. g3 Bc8
28. Rf2 Qf6 29. h4 Bd7 30. Ref1 g6 31. h5 Rfe8 32. Qh6 Qg7 33. Qxg6 Qxg6 34.
hxg6 Nd3 35. Bxd3 exd3 36. Rd2 Re3 37. Rf3 Re1+ 38. Kf2 Rc1 39. b3 Ree1 40.
Rfxd3 Kg7 41. Nf3 Rh1 42. Ke3 Kf6 43. Kf4 Be8 44. d6 Bd7 45. Re2 1-0

[Event "Elit(Skara-Solna)"]
[Site "?"]
[Date "2003.??.??"]
[Round "2"]
[White "Steneskog, Per"]
[Black "Winsnes, Rikard"]
[Result "0-1"]
[WhiteElo "2245"]
[BlackElo "2486"]
[PlyCount "77"]
[EventDate "2003.??.??"]

1. d4 Nf6 2. c4 g6 3. Nc3 d5 4. Nf3 Bg7 5. Bg5 Ne4 6. cxd5 Nxg5 7. Nxg5 e6 8.
Nf3 exd5 9. b4 O-O 10. e3 Qd6 11. Qb3 Be6 12. Be2 c6 13. O-O Nd7 14. Na4 b5 15.
Nc5 a5 16. a4 axb4 17. Qxb4 bxa4 18. Qa3 Nxc5 19. dxc5 Qe7 20. Nd4 Bxd4 21.
exd4 Bf5 22. Rfe1 Rfe8 23. Qb4 Reb8 24. Qc3 Qb7 25. g4 Be6 26. Qe3 Qb3 27. Qe5
a3 28. f4 Qh3 29. f5 gxf5 30. Kh1 f4 31. Qg5+ Kf8 32. Qxf4 Rb2 33. Bf1 Qxg4 34.
Qd6+ Kg8 35. Re3 Qxd4 36. Rg3+ Kh8 37. Raxa3 Qe4+ 38. Rg2 Rc8 39. Rag3 {Tid}
0-1

[Event "Elit(Skara-Solna)"]
[Site "?"]
[Date "2003.??.??"]
[Round "2"]
[White "Pedersen, Steffen"]
[Black "Johansson, Gunnar"]
[Result "1-0"]
[WhiteElo "2463"]
[BlackElo "2254"]
[PlyCount "67"]
[EventDate "2003.??.??"]

1. d4 d5 2. c4 c6 3. Nf3 e6 4. Qc2 Nf6 5. g3 dxc4 6. Qxc4 b5 7. Qd3 a6 8. a4
Bb7 9. Bg2 c5 10. axb5 Be4 11. Qd1 axb5 12. Rxa8 Bxa8 13. O-O Be7 14. Na3 b4
15. Nc4 O-O 16. dxc5 Bxc5 17. Nfe5 Bxg2 18. Qxd8 Rxd8 19. Kxg2 Kf8 20. Be3 Bxe3
21. Nxe3 Nd5 22. Nxd5 Rxd5 23. Nd3 Nc6 24. Rc1 Ne5 25. Nxe5 Rxe5 26. e3 Rb5 27.
Rc7 g5 28. Rc4 Kg7 29. h4 h6 30. Kf3 Kg6 31. hxg5 hxg5 32. Ke2 Kh5 33. Kd3 Rf5
34. g4+ 1-0

[Event "Elit(Skara-Solna)"]
[Site "?"]
[Date "2003.??.??"]
[Round "2"]
[White "Svensson, Sven"]
[Black "Bjarnehag, Peter"]
[Result "1-0"]
[WhiteElo "2281"]
[BlackElo "2221"]
[PlyCount "72"]
[EventDate "2003.??.??"]

1. d4 c5 2. e3 cxd4 3. exd4 d5 4. c3 Nc6 5. Bd3 g6 6. Nf3 Nh6 7. O-O Bg7 8. Bf4
O-O 9. Qd2 Nf5 10. Re1 f6 11. Na3 Nd6 12. Nb5 Nxb5 13. Bxb5 Bg4 14. Qe3 Rf7 15.
Nd2 Qb6 16. a4 Bd7 17. Nf3 a6 18. Bd3 Bg4 19. Bg3 Qxb2 20. Reb1 Qxc3 21. Bxg6
Qxe3 22. Bxf7+ Kxf7 23. fxe3 Na5 24. Nd2 Bf5 25. Rc1 Nc6 26. Ra3 e5 27. Nf3 Ke6
28. Rb3 Ra7 29. Rb6 Kd7 30. h3 Kc7 31. Rb3 Kd7 32. Bh4 Na5 33. Rb6 Nc4 34. Rxc4
dxc4 35. Bxf6 Bxf6 36. Rxf6 36... Bb1 {Tid} 1-0

[Event "Elit(Kamraterna-Sollentuna)"]
[Site "?"]
[Date "2003.??.??"]
[Round "2"]
[White "Agrest, Evgenij"]
[Black "Svensson, Bengt"]
[Result "1-0"]
[WhiteElo "2721"]
[BlackElo "2420"]
[PlyCount "67"]
[EventDate "2003.??.??"]

1. e4 c5 2. Nf3 d6 3. d4 cxd4 4. Nxd4 Nf6 5. Nc3 a6 6. Be3 e6 7. f3 b5 8. g4 h6
9. Qd2 Nbd7 10. O-O-O Bb7 11. h4 b4 12. Na4 Qa5 13. b3 Nc5 14. a3 Nxa4 15. axb4
Qc7 16. bxa4 d5 17. e5 Nd7 18. f4 Nb6 19. Rh3 Nxa4 20. Bf2 Rc8 21. Be1 Be7 22.
f5 exf5 23. gxf5 Qxe5 24. Ra3 Nb6 25. f6 Qxf6 26. Rf3 Qd6 27. Qe3 g6 28. Bc3
Rh7 29. Re1 Na4 30. Bd2 h5 31. Qb3 Nb6 32. Bg5 Rc7 33. Rf6 Qd8 34. Rxb6 1-0

[Event "Elit(Kamraterna-Sollentuna)"]
[Site "?"]
[Date "2003.??.??"]
[Round "2"]
[White "Dzevlan, Miralem"]
[Black "Svenn, Gosta"]
[Result "0-1"]
[WhiteElo "2486"]
[BlackElo "2402"]
[PlyCount "64"]
[EventDate "2003.??.??"]

1. d4 d5 2. Nf3 Nc6 3. g3 Bf5 4. Bg2 e6 5. O-O h6 6. c4 Nf6 7. Nc3 Be7 8. Ne5
O-O 9. Bf4 dxc4 10. Bxc6 bxc6 11. Nxc6 Qe8 12. Qa4 Nd5 13. Bd2 Bd6 14. Qa6 Nb6
15. Na5 Bh3 16. Rfe1 c5 17. Ne4 Rd8 18. dxc5 Bxc5 19. Rad1 Bd4 20. Bb4 f5 21.
Nd6 Qa4 22. a3 Bxb2 23. Rb1 c3 24. Qxa7 Nd5 25. Ndc4 Nxb4 26. Nxb2 cxb2 27.
axb4 Qxb4 28. Nc6 Qe4 29. Ne7+ Kh7 30. f3 Qc2 31. Qe3 Rfe8 32. Qxe6 32... Qc5+
{Tid} 0-1

[Event "Elit(Kamraterna-Sollentuna)"]
[Site "?"]
[Date "2003.??.??"]
[Round "2"]
[White "Aberg, Anton"]
[Black "Eriksson, Johan"]
[Result "1/2-1/2"]
[WhiteElo "2485"]
[BlackElo "2453"]
[PlyCount "83"]
[EventDate "2003.??.??"]

1. e4 c5 2. Nf3 d6 3. d4 cxd4 4. Nxd4 Nf6 5. Nc3 a6 6. Be3 e6 7. f3 b5 8. Qd2
Bb7 9. O-O-O Nbd7 10. g4 h6 11. Bd3 Ne5 12. Rhe1 Be7 13. Kb1 g5 14. h4 Nfd7 15.
hxg5 hxg5 16. Rh1 Rg8 17. Rh7 Nf6 18. Rh3 b4 19. Nce2 d5 20. Bxg5 dxe4 21. Bxf6
Bxf6 22. fxe4 Qb6 23. Nf3 Rxg4 24. Nxe5 Bxe5 25. Rh5 Bg7 26. Rf1 Rd8 27. Qe1
Bxe4 28. Bxe4 Rxe4 29. Qg3 Bf8 30. Qf3 Qb7 31. Re5 f5 32. Rxe6+ Kd7 33. Rxe4
Qxe4 34. Qh5 Kc8 35. Nc1 Rd2 36. Qxf5+ Qxf5 37. Rxf5 Bd6 38. Rf1 Kc7 39. Nb3
Rg2 40. c3 bxc3 41. bxc3 Ba3 42. Rd1 1/2-1/2

[Event "Elit(Kamraterna-Sollentuna)"]
[Site "?"]
[Date "2003.??.??"]
[Round "2"]
[White "Svenn, Matti"]
[Black "Carlsson, Pontus"]
[Result "0-1"]
[WhiteElo "2245"]
[BlackElo "2395"]
[PlyCount "68"]
[EventDate "2003.??.??"]

1. Nf3 c5 2. b3 Nf6 3. Bb2 e6 4. c4 b6 5. g3 Bb7 6. Bg2 Be7 7. O-O O-O 8. d3 d5
9. cxd5 exd5 10. e3 Nc6 11. a3 Qd7 12. Qc2 d4 13. e4 Ng4 14. h3 Nh6 15. g4 Kh8
16. Nbd2 Bd6 17. Rfe1 f6 18. Rab1 Rac8 19. Nc4 Bb8 20. Bc1 Nf7 21. Bd2 b5 22.
Na5 Nxa5 23. Bxa5 Qd6 24. Bd2 Ne5 25. Nxe5 fxe5 26. Bg5 Ba6 27. Qd2 Rf7 28. Bh4
Bc7 29. Bg3 Qe6 30. Rec1 Bb6 31. Kh2 h6 32. a4 b4 33. f4 exf4 34. Bxf4 Rxf4 0-1

[Event "Elit(Kamraterna-Sollentuna)"]
[Site "?"]
[Date "2003.??.??"]
[Round "2"]
[White "Svensson, Leif"]
[Black "Lindberg, Bosse"]
[Result "0-1"]
[WhiteElo "2236"]
[BlackElo "2379"]
[PlyCount "22"]
[EventDate "2003.??.??"]

1. e4 c5 2. Nc3 Nc6 3. f4 e6 4. Bb5 Nge7 5. Nf3 Nd4 6. O-O a6 7. Be2 b5 8. a3
Bb7 9. d3 d5 10. Be3 Nxf3+ 11. Bxf3 d4 0-1

[Event "Elit(Manhem-Farsta)"]
[Site "?"]
[Date "2003.??.??"]
[Round "2"]
[White "Berg, Klaus"]
[Black "Olausson, Claes-Goran"]
[Result "0-1"]
[WhiteElo "2489"]
[BlackElo "2375"]
[PlyCount "88"]
[EventDate "2003.??.??"]

1. d4 d5 2. Bg5 h6 3. Bh4 c6 4. e3 Qb6 5. b3 e5 6. Nf3 e4 7. Nfd2 Ne7 8. Be2
Nf5 9. Bg3 Be6 10. O-O Nd7 11. c4 Nxg3 12. hxg3 Nf6 13. Qc2 Be7 14. Nc3 O-O 15.
a3 Rac8 16. b4 Rfe8 17. Rfc1 Qd8 18. Rab1 Bd6 19. c5 Bb8 20. b5 Ng4 21. bxc6
bxc6 22. Rb7 Qf6 23. Bxg4 Bxg4 24. Rcb1 h5 25. Nf1 h4 26. gxh4 Qxh4 27. Ne2 g6
28. Neg3 Kg7 29. Qa4 Rh8 30. Qa6 Qf6 31. R1b2 Rce8 32. R7b4 Bc8 33. Qe2 Bc7 34.
Ra4 a6 35. Rab4 Qh4 36. Rb7 Bxb7 37. Rxb7 Bxg3 38. fxg3 Qh1+ 39. Kf2 Re6 40.
Qxa6 Rf6+ 41. Ke1 Qxg2 42. Qe2 Rxf1+ 43. Qxf1 Rh1 44. Rxf7+ Kh6 0-1

[Event "Elit(Manhem-Farsta)"]
[Site "?"]
[Date "2003.??.??"]
[Round "2"]
[White "Lindberg, Bengt"]
[Black "Andersson, Bjorn"]
[Result "1-0"]
[WhiteElo "2515"]
[BlackElo "2315"]
[PlyCount "64"]
[EventDate "2003.??.??"]

1. e4 e5 2. Nf3 Nc6 3. Bb5 Bc5 4. c3 Nf6 5. d4 Bb6 6. O-O O-O 7. Bg5 h6 8. Bh4
d6 9. Bxc6 bxc6 10. dxe5 dxe5 11. Qa4 Qd6 12. Nbd2 Nd7 13. Rfd1 Re8 14. Nb3 Qe6
15. c4 a5 16. Nbd2 g5 17. Bg3 f6 18. Qc2 h5 19. h4 g4 20. Nh2 Bd4 21. Nhf1 Nc5
22. Ne3 Rb8 23. Rab1 Bxe3 24. fxe3 a4 25. b4 axb3 26. axb3 Na6 27. Nf1 Nb4 28.
Qd2 c5 29. Be1 Bb7 30. Ng3 Bc6 31. Qf2 Qf7 32. Qf5 Red8 1-0

[Event "Elit(Manhem-Farsta)"]
[Site "?"]
[Date "2003.??.??"]
[Round "2"]
[White "Carlhammar, Magnus"]
[Black "Degerman, Lars"]
[Result "1/2-1/2"]
[WhiteElo "2272"]
[BlackElo "2515"]
[PlyCount "68"]
[EventDate "2003.??.??"]

1. d4 Nf6 2. c4 e6 3. Nc3 d5 4. Nf3 dxc4 5. e4 Bb4 6. Bg5 c5 7. Bxc4 cxd4 8.
Nxd4 Qa5 9. Bd2 Qc5 10. Bb5+ Nbd7 11. Nb3 Qb6 12. Qe2 a6 13. Bd3 Ne5 14. O-O
Bd7 15. Rfd1 Nxd3 16. Qxd3 Bc6 17. Qg3 Bxc3 18. Bxc3 Nxe4 19. Qxg7 Qxf2+ 20.
Kh1 Nxc3 21. bxc3 Rf8 22. Rd2 Qe3 23. Qf6 Qb6 24. Rad1 Rg8 25. Nc5 Rxg2 26.
Rxg2 Qxc5 27. Qh8+ Qf8 28. Qd4 f5 29. Kg1 e5 30. Qc4 Bxg2 31. Qe6+ Qe7 32. Qg8+
Qf8 33. Qe6+ Qe7 34. Qg8+ Qf8 1/2-1/2

[Event "Elit(Manhem-Farsta)"]
[Site "?"]
[Date "2003.??.??"]
[Round "2"]
[White "Backelin, Rickard"]
[Black "Akesson, Joel"]
[Result "0-1"]
[WhiteElo "2381"]
[BlackElo "2325"]
[PlyCount "143"]
[EventDate "2003.??.??"]

1. e4 e6 2. d4 d5 3. Nd2 Nf6 4. e5 Nfd7 5. Bd3 c5 6. c3 Nc6 7. Ne2 Qb6 8. Nf3
cxd4 9. cxd4 f6 10. exf6 Nxf6 11. O-O Bd6 12. Nc3 O-O 13. Bg5 Kh8 14. Na4 Qc7
15. Qe2 Ng4 16. h3 Nh2 17. Nxh2 Bxh2+ 18. Kh1 Bf4 19. Qh5 g6 20. Qh6 Rf7 21.
Bxg6 Bxg5 22. Qxg5 Rg7 23. Qf6 hxg6 24. Rac1 Qf7 25. Qg5 Qf5 26. Qe3 Bd7 27.
Nc5 Qf6 28. Rfd1 Rf8 29. Rd2 Bc8 30. Re1 Qf4 31. Qxf4 Rxf4 32. Nxe6 Bxe6 33.
Rxe6 Rxd4 34. Rxd4 Nxd4 35. Rd6 Nc6 36. Rxd5 Re7 37. Rd2 Kg7 38. h4 Kf6 39. g3
Re5 40. Kg2 Rb5 41. g4 Kg7 42. Kg3 a5 43. b3 Rb4 44. Rd7+ Kf6 45. Rc7 Nd4 46.
f3 Ne6 47. Rd7 b6 48. Rb7 Nf4 49. Rc7 Nd5 50. Rc6+ Kf7 51. Rd6 Nc3 52. Rd7+ Ke6
53. Rd2 Rb5 54. Rh2 Kf6 55. h5 gxh5 56. gxh5 Kg7 57. Kg4 Kh6 58. f4 Ne4 59. Rc2
Nf6+ 60. Kf3 Nxh5 61. Rg2 Nf6 62. Ke3 Rb4 63. Rg5 Nh5 64. Rf5 Ng3 65. Rd5 Nh5
66. Rf5 Ng7 67. Rf6+ Kh7 68. f5 Kg8 69. Kd3 Ne8 70. Re6 Kf7 71. Kc3 Nc7 72. Rc6
0-1

[Event "Elit(Manhem-Farsta)"]
[Site "?"]
[Date "2003.??.??"]
[Round "2"]
[White "Hultin, Johan"]
[Black "Hjelm, Niclas"]
[Result "1/2-1/2"]
[WhiteElo "2341"]
[BlackElo "2422"]
[PlyCount "104"]
[EventDate "2003.??.??"]

1. d4 Nf6 2. c4 e6 3. Nf3 d5 4. Nc3 Nbd7 5. cxd5 exd5 6. Bg5 Be7 7. e3 c6 8.
Bd3 Ne4 9. Bxe4 Bxg5 10. Bd3 Be7 11. Qc2 Nf6 12. h3 O-O 13. g4 g6 14. O-O-O Be6
15. Ne5 Nd7 16. f4 Nxe5 17. dxe5 Bc5 18. Qd2 f5 19. gxf5 gxf5 20. Rhg1+ Kh8 21.
Rg3 Rg8 22. Rxg8+ Qxg8 23. Qf2 Qf7 24. Ne2 Rg8 25. Rg1 Rxg1+ 26. Qxg1 Qg6 27.
Qf2 Qh5 28. Qg3 Qg6 29. Kd2 Bb4+ 30. Kc2 Bc5 31. Qf3 Bb6 32. a3 Kg7 33. Qf2 c5
34. Ng3 c4 35. Be2 Kf8 36. Bh5 Qg7 37. Be2 Qd7 38. Bd1 d4 39. exd4 Bxd4 40. Qd2
Qd5 41. Bf3 Qxf3 42. Qxd4 Ke8 43. Qd6 Bd7 44. Qb8+ Kf7 45. Qc7 Qd3+ 46. Kc1 Ke8
47. Qb8+ Ke7 48. Qg8 Qe3+ 49. Kb1 Qd3+ 50. Kc1 Qe3+ 51. Kb1 Qd3+ 52. Kc1 Qe3+
1/2-1/2

[Event "Elit(Manhem-Farsta)"]
[Site "?"]
[Date "2003.??.??"]
[Round "2"]
[White "Ong, Kezli"]
[Black "Nygren, Kim"]
[Result "1-0"]
[WhiteElo "2279"]
[BlackElo "2303"]
[PlyCount "105"]
[EventDate "2003.??.??"]

1. e4 c5 2. Nf3 d6 3. d4 cxd4 4. Nxd4 Nf6 5. Nc3 a6 6. f4 e5 7. Nf3 Nbd7 8. a4
Qc7 9. Bd3 Be7 10. O-O b6 11. Qe1 Bb7 12. fxe5 dxe5 13. Kh1 Nc5 14. Qg3 O-O 15.
Qxe5 Qxe5 16. Nxe5 Ncxe4 17. Nxe4 Bxe4 18. Bxe4 Nxe4 19. Be3 b5 20. g3 Rfe8 21.
axb5 axb5 22. Nc6 Rac8 23. Nxe7+ Rxe7 24. Bd4 h6 25. c3 Rce8 26. Rf5 Ng5 27. h4
Ne4 28. Kg2 Nd6 29. Rd5 Re2+ 30. Kh3 Nc4 31. Rxb5 Nxb2 32. Ra2 Nd1 33. Rxe2
Rxe2 34. Rb8+ Kh7 35. Rb7 Kg8 36. Kg4 Rc2 37. Rc7 Nb2 38. Kf3 Na4 39. Ke3 Rg2
40. Be5 Nb2 41. c4 Rc2 42. c5 Nc4+ 43. Kd4 Nxe5 44. Kxe5 Rc3 45. Kd6 Rxg3 46.
Rd7 Rd3+ 47. Kc7 Rc3 48. Rd5 f6 49. h5 Kf7 50. Kd7 Re3 51. c6 Re7+ 52. Kd8 Re8+
53. Kc7 1-0

[Event "Elit(Manhem-Farsta)"]
[Site "?"]
[Date "2003.??.??"]
[Round "2"]
[White "Landgren, Philip"]
[Black "Jaderberg, Bjorn"]
[Result "1-0"]
[WhiteElo "2304"]
[BlackElo "2290"]
[PlyCount "145"]
[EventDate "2003.??.??"]

1. d4 Nf6 2. Bg5 d5 3. Bxf6 exf6 4. e3 Be6 5. Bd3 c5 6. dxc5 Bxc5 7. c3 Nc6 8.
Nf3 O-O 9. Nbd2 Re8 10. Nb3 Bb6 11. O-O f5 12. Qd2 Qf6 13. Nbd4 Ne5 14. Nxe5
Qxe5 15. Bb5 Red8 16. Rad1 Rac8 17. Be2 Rd7 18. Bf3 Rcd8 19. g3 h6 20. Qe2 Qc7
21. Qc2 g6 22. Rd2 Bxd4 23. Rxd4 b6 24. Rfd1 Kg7 25. Qd3 Qc5 26. Qa6 Qc7 27. a4
Rd6 28. Qb5 Qd7 29. Qb4 a5 30. Qa3 Qc7 31. c4 Qc5 32. Qc3 f6 33. Bxd5 Bxd5 34.
cxd5 Qxc3 35. bxc3 Rc8 36. c4 Kf7 37. g4 fxg4 38. Rxg4 f5 39. Rgd4 Kf6 40. Kg2
g5 41. Kg3 Re8 42. Rc1 Rc8 43. f4 Re8 44. Kf3 g4+ 45. Ke2 Rc8 46. Rg1 h5 47. e4
fxe4 48. Rxe4 Rdd8 49. Rb1 Kf5 50. Kd3 Rd6 51. Rf1 Kf6 52. Re5 Rh8 53. Kd4 h4
54. Rg5 g3 55. hxg3 h3 56. Rh1 Rd7 57. Re5 Rg7 58. Re6+ Kf5 59. Rxb6 Rxg3 60.
Rb2 Rh4 61. Rf2 Ra3 62. d6 Ke6 63. Kc5 Rxa4 64. Re2+ Kd7 65. Re7+ Kd8 66. Kd5
h2 67. c5 Raxf4 68. Kc6 Rd4 69. Re2 a4 70. Rexh2 Rxh2 71. Rxh2 Ke8 72. Kc7 a3
73. c6 1-0

[Event "Elit(Solna-Limhamn)"]
[Site "?"]
[Date "2003.??.??"]
[Round "3"]
[White "Hellers, Ferdinand"]
[Black "Jonsson, Mikael"]
[Result "1-0"]
[WhiteElo "2634"]
[BlackElo "2373"]
[PlyCount "59"]
[EventDate "2003.??.??"]

1. e4 e5 2. Nf3 Nc6 3. Bb5 a6 4. Ba4 Nf6 5. O-O Be7 6. Re1 b5 7. Bb3 O-O 8. h3
Bb7 9. d3 d6 10. a3 Nd4 11. Nxd4 exd4 12. c3 dxc3 13. Nxc3 c5 14. d4 b4 15. Nd5
Nxd5 16. exd5 bxa3 17. Rxa3 cxd4 18. Qxd4 Bf6 19. Qd3 Re8 20. Rd1 Bg5 21. Bc4
Bxc1 22. Rxc1 Qg5 23. Rd1 a5 24. Qd4 Qe5 25. Qb6 Rab8 26. Re3 Qh5 27. Be2 Qh4
28. Rxe8+ Rxe8 29. Qxb7 g6 30. Bf1 1-0

[Event "Elit(Solna-Limhamn)"]
[Site "?"]
[Date "2003.??.??"]
[Round "3"]
[White "Callergard, Robert"]
[Black "Hector, Jonny"]
[Result "0-1"]
[WhiteElo "2356"]
[BlackElo "2613"]
[PlyCount "162"]
[EventDate "2003.??.??"]

1. Nf3 d5 2. d4 Nf6 3. c4 c6 4. e3 Bf5 5. Nc3 e6 6. Bd3 Be7 7. O-O O-O 8. Bxf5
exf5 9. Qb3 Qb6 10. Bd2 Rd8 11. Rfc1 Qxb3 12. axb3 Na6 13. Kf1 Nc7 14. Na4 Ne6
15. g3 g5 16. Ke2 Re8 17. Nc3 a6 18. cxd5 cxd5 19. Na4 Ne4 20. Nb6 Rad8 21. Ba5
f4 22. gxf4 gxf4 23. Rg1+ Kf8 24. Ne5 Nf6 25. Rg2 Bd6 26. Rag1 h5 27. h3 Ke7
28. Be1 Rh8 29. f3 fxe3 30. Kxe3 Bc7 31. Na4 h4 32. f4 Rh5 33. b4 Ne4 34. Nc5
Nd6 35. Nxe6 Kxe6 36. Kd3 Nf5 37. Rg8 Rh8 38. Rxd8 Rxd8 39. Rg4 Rc8 40. Nf3 Bd6
41. Rg2 f6 42. Re2+ Kf7 43. Bd2 Rg8 44. Be1 Bc7 45. Nxh4 Nxh4 46. Bxh4 Rh8 47.
Bg3 Rxh3 48. Re3 Bd6 49. b5 axb5 50. Ke2 b4 51. Kf3 f5 52. Re1 Rh8 53. Ra1 Re8
54. Ra7 Re4 55. Rxb7+ Ke6 56. Rh7 Rxd4 57. Rh6+ Kd7 58. Rf6 Rd3+ 59. Kg2 Rd2+
60. Kf3 Rxb2 61. Rxf5 Kc6 62. Rf6 Rb3+ 63. Kg4 Rd3 64. Rh6 b3 65. Rh1 Rc3 66.
Rb1 d4 67. Be1 Rd3 68. f5 Kd5 69. f6 Ke6 70. f7 Kxf7 71. Kf5 Re3 72. Bd2 Re5+
73. Kg4 Re2 74. Bg5 b2 75. Kf3 d3 76. Be3 Be5 77. Rh1 Ke6 78. Rd1 Kf5 79. Rb1
Rc2 80. Rd1 d2 81. Ke2 Rc1 0-1

[Event "Elit(Solna-Limhamn)"]
[Site "?"]
[Date "2003.??.??"]
[Round "3"]
[White "Hellsten, Johan"]
[Black "Landgren, Andreas"]
[Result "1-0"]
[WhiteElo "2576"]
[BlackElo "2219"]
[PlyCount "69"]
[EventDate "2003.??.??"]

1. d4 Nf6 2. c4 g6 3. Nc3 d5 4. e3 Bg7 5. cxd5 Nxd5 6. Bc4 Nxc3 7. bxc3 c5 8.
Nf3 O-O 9. O-O Nc6 10. a4 Na5 11. Ba2 b6 12. Re1 Bb7 13. e4 e6 14. Bg5 Bf6 15.
h4 Rc8 16. Qd2 Bc6 17. Ne5 Qe7 18. Ng4 Bxg5 19. hxg5 Rfd8 20. d5 Bxa4 21. c4 e5
22. f4 Nc6 23. Bb1 Bb3 24. Qc3 Nd4 25. Ra3 Bxc4 26. Qxc4 exf4 27. Nf6+ Kg7 28.
e5 Rh8 29. d6 Qe6 30. Ba2 Qxc4 31. Bxc4 b5 32. Bxf7 Kxf7 33. e6+ Nxe6 34. Rxa7+
Kf8 35. Rxe6 1-0

[Event "Elit(Solna-Limhamn)"]
[Site "?"]
[Date "2003.??.??"]
[Round "3"]
[White "Johansson, Gunnar"]
[Black "Brynell, Stellan"]
[Result "1/2-1/2"]
[WhiteElo "2254"]
[BlackElo "2567"]
[PlyCount "160"]
[EventDate "2003.??.??"]

1. e4 e6 2. d4 d5 3. Nd2 c5 4. Ngf3 a6 5. exd5 exd5 6. dxc5 Bxc5 7. Nb3 Bb6 8.
Bd3 Qe7+ 9. Qe2 Bg4 10. Qxe7+ Nxe7 11. Nfd4 Nbc6 12. Be3 Ne5 13. O-O Rc8 14. h3
Nxd3 15. cxd3 Bd7 16. Rfc1 O-O 17. Kf1 Ng6 18. Rxc8 Rxc8 19. Rc1 Rxc1+ 20. Nxc1
Bc7 21. Nce2 Kf8 22. Ke1 h6 23. Kd1 Ke7 24. Nc3 Be6 25. Nxe6 fxe6 26. g3 Ne5
27. Ke2 Nc6 28. Bc5+ Kf6 29. Kd2 h5 30. Na4 b5 31. Nc3 Kf5 32. Ne2 e5 33. Nc3
Ke6 34. Ke2 Bd8 35. Nb1 Bg5 36. Nd2 Nb8 37. Be3 Be7 38. Bb6 Nd7 39. Bc7 Nc5 40.
b3 Bf6 41. Bb6 Nd7 42. Bc7 Nc5 43. Bb6 Nb7 44. f4 exf4 45. gxf4 Nd6 46. Nf3 Nf5
47. Kf2 Kd6 48. Ke2 Kc6 49. Bf2 Kd6 50. Ba7 Ne7 51. Nd4 Bxd4 52. Bxd4 g6 53.
Kf3 Nc6 54. Bc3 Ke6 55. Kg3 Kf5 56. Kf3 Nd8 57. Bd2 Ne6 58. Be3 d4 59. Bd2 Nc5
60. Ke2 Ne6 61. Kf3 Nc7 62. Bc1 Nd5 63. a3 a5 64. Bd2 Nc3 65. b4 axb4 66. axb4
Na4 67. Bc1 Ke6 68. Ke4 Nc3+ 69. Kf3 Nd5 70. Bd2 Kf5 71. Kg3 Ke6 72. Kf3 Nf6
73. Bc1 Kf5 74. Bd2 Nd7 75. Bc1 g5 76. fxg5 Ne5+ 77. Ke2 h4 78. Bd2 Nc6 79. Kf3
Ne5+ 80. Ke2 Nc6 1/2-1/2

[Event "Elit(Solna-Limhamn)"]
[Site "?"]
[Date "2003.??.??"]
[Round "3"]
[White "Eriksson, Magnus"]
[Black "Steneskog, Per"]
[Result "1-0"]
[WhiteElo "2413"]
[BlackElo "2245"]
[PlyCount "55"]
[EventDate "2003.??.??"]

1. d4 d5 2. c4 e6 3. Nc3 c5 4. cxd5 exd5 5. Nf3 Nc6 6. g3 Nf6 7. Bg2 Be7 8. O-O
O-O 9. Bg5 cxd4 10. Nxd4 h6 11. Bxf6 Bxf6 12. Nb3 d4 13. Nd5 Be5 14. Nc5 Rb8
15. Qd2 Be6 16. Nf4 Bxf4 17. Qxf4 Bd5 18. e4 dxe3 19. Rfd1 Ne7 20. Bxd5 e2 21.
Bxf7+ Rxf7 22. Rxd8+ Rxd8 23. Qa4 Nc6 24. Re1 Nd4 25. Kg2 b5 26. Qa5 Re8 27.
Qc3 Rd8 28. Nb3 1-0

[Event "Elit(Solna-Limhamn)"]
[Site "?"]
[Date "2003.??.??"]
[Round "3"]
[White "Aagaard, Jacob"]
[Black "Johansson, Toni"]
[Result "1-0"]
[WhiteElo "2453"]
[BlackElo "2180"]
[PlyCount "107"]
[EventDate "2003.??.??"]

1. e4 c5 2. Nf3 d6 3. d4 cxd4 4. Nxd4 Nf6 5. Nc3 g6 6. Be3 Bg7 7. f3 Nc6 8. Qd2
O-O 9. Bc4 Bd7 10. O-O-O Ne5 11. Bb3 Qa5 12. h4 Rfc8 13. g4 Nc4 14. Bxc4 Rxc4
15. h5 Rxc3 16. Qxc3 Qxa2 17. Qb4 b5 18. hxg6 hxg6 19. Kd2 a5 20. Qb3 Qxb3 21.
Nxb3 a4 22. Ra1 Rc8 23. Nc1 Nxg4 24. fxg4 Bxb2 25. Ra2 Bc3+ 26. Kd3 Be6 27. Bd2
Bf6 28. c3 Bxg4 29. Ra3 d5 30. exd5 Bf3 31. Rg1 Bxd5 32. Bg5 Bc4+ 33. Ke3 Bg7
34. Kf2 e5 35. Be3 Rc6 36. Rd1 f5 37. Bg5 Rc7 38. Rd8+ Kf7 39. Nd3 Bf6 40. Bxf6
Kxf6 41. Nb4 Rh7 42. Rd6+ Kg5 43. Nc6 e4 44. Ne5 Bb3 45. Ra1 f4 46. Rb6 e3+ 47.
Kg2 Kf5 48. Rxb5 Rc7 49. Kf3 Rxc3 50. Nd3+ Kf6 51. Nxf4 e2+ 52. Kxe2 Rg3 53.
Kf2 Rc3 54. Nd5+ 1-0